LEADER 00940nam a2200265 i 4500 001 991002441559707536 005 20020503165305.0 008 940718s1992 uk ||| | eng 020 $a0415087414 035 $ab10365151-39ule_inst 035 $aEXGIL103953$9ExL 040 $aDip.to Filol. Ling. e Lett.$bita 082 0 $a821.04209 100 1 $aSpiller, Michael R.G.$0269210 245 14$aThe development of the Sonnet :$ban introduction /$cMichael R. G. Spiller 260 $aLondon ; New York :$bRoutledge,$c1992 300 $aX, 241 p. ;$c23 cm. 650 4$aPoesia inglese 650 4$aSonetti inglesi 907 $a.b10365151$b21-09-06$c27-06-02 912 $a991002441559707536 945 $aLE008 FL.M. (IN) F 166$g1$i2008000182489$lle008$o-$pE0.00$q-$rl$s- $t0$u0$v0$w0$x0$y.i10426814$z27-06-02 996 $aDevelopment of the Sonnet$9204097 997 $aUNISALENTO 998 $ale008$b01-01-94$cm$da $e-$feng$guk $h4$i1 LEADER 00878nam a2200241 i 4500 001 991000945279707536 008 050405s2001 it b 001 0 ita d 020 $a8810420462 035 $ab13296954-39ule_inst 040 $aDip.to Filologia Class. e Scienze Filosofiche$bita 082 0 $a236.2 245 13$aIl cristianesimo delle origini :$bi Padri apostolici /$ca cura di Anna Lenzuni. 260 $aBologna :$bEDB,$c2001 300 $a150 p. ;$c21 cm 440 0$aLetture patristiche ;$v9 650 4$aPatristica$ySec. 1.-2. 700 1 $aLenzuni, Anna 907 $a.b13296954$b21-09-06$c05-04-05 912 $a991000945279707536 945 $aLE007 230 LEN 01.01$g1$i2007000090251$lle007$op$pE15.90$q-$rl$s- $t0$u1$v1$w1$x0$y.i14043361$z05-04-05 996 $aCristianesimo delle origini$978421 997 $aUNISALENTO 998 $ale007$b05-04-05$cm$da $e-$fita$git $h3$i0